00449nam a22001217a 4500008004100000020001800041082001400059100003100073245013400104260003400238300001900272650003600291161108b xxu||||| |||| 00| 0 eng d a9987-609-25-2 a321.8 DEM aMushi, Samwel.- (Editor).- aDemocracy and Social Transformation in AfricacEdited by Samwel S. Mushi, Rwekaza S. Mukandala and Saida Yahya Othman.-hEnglish. aDar Es Salaam:bREDET,c2004. a219p.;c21cm.- 2Systems of governments & states